00613nam a2200169 a 450000100100000000500170001000800410002704000250006824500370009326000440013030000200017449000390019450000420023383000460027595201050032199900170042600003637920200930075711.0120116s1969 sp 000 0 spa d aDO-SdBNPbspacBNPHU00aGanivet y maeztu :bantología. aMadrid :bEditorial de Maeztu,c[1969]. a48 p. ;c18 cm.1 aColección primera bibliotecav51 aIncluye notas al pie de las páginas 0aColección primera bibliotecav51962572 001050718MOaGRbGRcCTd2012-01-16iLF1l0o p36380-10r2020-06-25w2020-06-25y1ZNo se presta c35870d35870